000
00325 a2200145 4500
001
194759
040
_c
Magnum
100
_a
Heck, Lenira Almeida
240
1
0
_a
O galo Tião e a dinda Raposa
_l
por
245
1
0
_a
O galo Tião e a dinda Raposa
300
_a
40
362
0
_a
2004
697
_a
LITERATURA GERAL
942
_c
BK
999
_c
194759
_d
194759